[Event "Challenge"]
[Site "http://www.queenalice.com/game.php?id=139695"]
[Date "2006.12.11"]
[Round "-"]
[White "vania"]
[Black "zebaixinho"]
[Result "1-0"]
[WhiteElo "1255"]
[BlackElo "1148"]

1. d4 d5 2. a4 Nc6 3. Nf3 Nf6 4. h4 e6 5. Nc3 Bb4 6. g4 Nxg4 7. Bh3 Nh6 8. Bg5
Qd6 9. O-O e5 10. dxe5 Qc5 11. Nxd5 f6 12. Be3 Bxh3 13. Bxc5 Bxc5 14. Nxc7+ Ke7
15. Nxa8 Rxa8 16. Qd3 Rd8 17. Qxh7 a5 18. Qxg7+ Nf7 19. exf6+ Ke6 20. Rfd1 Rh8
21. Ng5+ Kf5 22. Rd5+ Nfe5 23. Qxh8 b6 24. Qh5 Bg4 25. Qh6 Bxe2 26. Re1 Nd4 27.
f7 Bc4 28. Rdxe5+ Kg4 29. R1e4# 1-0

[Event "Challenge"]
[Site "http://www.queenalice.com/game.php?id=139696"]
[Date "2006.12.11"]
[Round "-"]
[White "zebaixinho"]
[Black "vania"]
[Result "0-1"]
[WhiteElo "1161"]
[BlackElo "1242"]

1. d4 d5 2. e3 Nf6 3. Nf3 a5 4. b3 h5 5. c4 dxc4 6. bxc4 Nc6 7. Bd3 Be6 8. Qa4
Bd7 9. h4 Nxd4 10. Qa3 e5 11. Nxe5 Bxa3 12. Nxa3 Ba4 13. Rb1 O-O 14. Rxb7 Nc2+
15. Kd2 Nb4 16. c5 Qe8 17. f4 Nxa2 18. Bb2 Rb8 19. Nec4 Rxb7 20. Nxa5 Rxb2+ 21.
Bc2 Bxc2 22. Nxc2 Qd8+ 23. Ke2 Rxc2+ 24. Kf3 Qd5+ 25. Kg3 Qxg2# 0-1

[Event "Challenge"]
[Site "http://www.queenalice.com/game.php?id=143026"]
[Date "2006.12.18"]
[Round "-"]
[White "zebaixinho"]
[Black "FENIX_40"]
[Result "0-1"]
[WhiteElo "1148"]
[BlackElo "1493"]

1. e4 e5 2. Nf3 Bc5 3. a3 Nh6 4. Nc3 Ng4 5. h3 Nxf2 6. Qe2 Nxh1 7. Qb5 O-O 8.
Qxc5 d6 9. Qe3 b6 10. b3 Nc6 11. Bc4 Nd4 12. Bd5 Nxc2+ 13. Ke2 Nxa1 14. Kd1 Rb8
15. Qe1 Ba6 16. b4 b5 17. Qxh1 Bb7 18. Bb2 c6 19. Ba2 d5 20. exd5 Qf6 21. Ke2
Nc2 22. d3 Qf4 23. Kd1 Ne3+ 24. Ke2 cxd5 25. g3 Qh6 26. Nxb5 Ba6 27. Nxa7 e4 28.
Qc1 Bxd3+ 29. Kf2 exf3 30. Kxf3 Rbe8 31. b5 Qxh3 32. Qc3 Qg2+ 33. Kf4 Re4+ 34.
Kg5 Qxg3+ 0-1

[Event "Challenge"]
[Site "http://www.queenalice.com/game.php?id=145327"]
[Date "2006.12.23"]
[Round "-"]
[White "zebaixinho"]
[Black "shiguer"]
[Result "0-1"]
[WhiteElo "1136"]
[BlackElo "1621"]

1. e4 e6 2. Bd3 Qg5 3. Nf3 Qxg2 4. Rf1 Nf6 5. Nc3 Ng4 6. Nh4 Qh3 7. Nf3 Bc5 8.
Rg1 Bxf2+ 9. Ke2 Bxg1 10. Qxg1 Nc6 11. Qg3 Qxg3 12. hxg3 f5 13. b3 b6 14. Ba3 h5
15. Rh1 a5 16. e5 Ba6 17. Ng5 Ncxe5 18. Rf1 d5 19. Nxe6 Ra7 20. Nxg7+ Kd7 21.
Nxd5 h4 22. Nxb6+ cxb6 23. Rxf5 hxg3 24. Rf7+ Nxf7 25. Kf3 Rg8 26. Nf5 Nge5+ 27.
Kf4 g2 28. Nd4 g1=Q 29. Nf3 Qg4+ 30. Ke3 Qxf3+ 31. Kd4 Bxd3 32. c3 Rg4# 0-1

[Event "Challenge"]
[Site "http://www.queenalice.com/game.php?id=149852"]
[Date "2007.1.4"]
[Round "-"]
[White "zebaixinho"]
[Black "carlao2005"]
[Result "0-1"]
[WhiteElo "1152"]
[BlackElo "1442"]

1. e3 d5 2. d4 f5 3. Nc3 Nf6 4. Nf3 Nc6 5. a4 Nb4 6. Nb5 Bd7 7. Nc3 Ne4 8. Qd2
e6 9. Bd3 Qf6 10. Qe2 O-O-O 11. O-O Bd6 12. b3 Nxc3 13. Qd2 Ne4 14. Qd1 Nxd3 15.
cxd3 Ng5 16. h4 Nxf3+ 17. gxf3 Qxh4 18. Re1 f4 19. Qe2 fxe3 20. Qxe3 g5 21. Bb2
g4 22. Kf1 Qh3+ 23. Ke2 g3 24. fxg3 Qh2+ 25. Kd1 Qxb2 26. Rc1 Qxb3+ 27. Ke2 Qxa4
28. Kf2 Rhg8 29. Rc4 dxc4 30. Rd1 Qxd1 0-1

[Event "Challenge"]
[Site "http://www.queenalice.com/game.php?id=156902"]
[Date "2007.1.21"]
[Round "-"]
[White "jcmobregon"]
[Black "zebaixinho"]
[Result "1-0"]
[WhiteElo "1308"]
[BlackElo "1136"]

1. e4 e5 2. Nf3 d6 3. d4 Nf6 4. dxe5 dxe5 5. Qxd8+ Kxd8 6. Nxe5 Ke8 7. Bd3 Bb4+
8. c3 Ba5 9. Be3 b6 10. b4 g6 11. bxa5 bxa5 12. Bb5+ c6 13. Bd3 Bh3 14. gxh3 Na6
15. Bxa6 Nxe4 16. Bb7 Rd8 17. Bxc6+ Ke7 18. Bxe4 Rc8 19. Nc6+ Kd7 20. Nxa5 Rhe8
21. Bf3 Re5 22. Nb3 Rf5 23. Bg4 Ke6 24. Bxf5+ Kxf5 25. Bxa7 Re8+ 26. Be3 Re4 27.
N1d2 Rh4 28. Nd4+ Ke5 29. N2f3+ 1-0

[Event "Challenge"]
[Site "http://www.queenalice.com/game.php?id=156903"]
[Date "2007.1.21"]
[Round "-"]
[White "zebaixinho"]
[Black "jcmobregon"]
[Result "0-1"]
[WhiteElo "1161"]
[BlackElo "1164"]

1. e4 e5 2. Nf3 Nc6 3. Bd3 Nf6 4. Nc3 d6 5. O-O Bg4 6. Re1 Nd4 7. Bb5+ c6 8. Ba4
Be7 9. h3 Nxf3+ 10. gxf3 Bxh3 11. Kh2 Be6 12. b3 b5 13. Bxb5 cxb5 14. Nxb5 Qb6
15. Nc3 Qxf2+ 16. Kh1 Nh5 17. f4 Ng3# 0-1

[Event "Again"]
[Site "http://www.queenalice.com/game.php?id=160278"]
[Date "2007.1.28"]
[Round "-"]
[White "zebaixinho"]
[Black "vania"]
[Result "1-0"]
[WhiteElo "1126"]
[BlackElo "1364"]

1. e4 e5 2. Bc4 Bc5 3. d4 exd4 4. Nf3 Nf6 5. O-O Nxe4 6. Re1 d5 7. Bb5+ c6 8.
Bd3 Bb4 9. c3 dxc3 10. bxc3 Qb6 11. cxb4 Qxf2+ 12. Kh1 O-O 13. Re2 Qc5 14. bxc5
Nxc5 15. Bc2 b5 16. Nc3 a5 17. Ba3 b4 18. Qd4 Nba6 19. Bxb4 axb4 20. Nd1 f5 21.
Ne3 Ne6 22. Qb6 f4 23. Nd1 Rb8 24. Qxc6 Rd8 25. a3 bxa3 26. Rxe6 Nb4 27. Re8+
Kf7 28. Qc7+ Kxe8 29. Qxb8 Bf5 30. Qxf4 Bxc2 31. Qxb4 Bxd1 32. Rxd1 a2 33. Qa4+
Ke7 34. Qa7+ Rd7 35. Re1+ Kd6 36. Qa3+ Kc6 37. Nd4+ Kb6 38. Re6+ Kc7 39. Nc6 Rf7
40. Qa7+ Kc8 41. Re8# 1-0

[Event "Outra surra..."]
[Site "http://www.queenalice.com/game.php?id=160852"]
[Date "2007.1.30"]
[Round "-"]
[White "vania"]
[Black "zebaixinho"]
[Result "1-0"]
[WhiteElo "1333"]
[BlackElo "1134"]

1. Nc3 e5 2. e4 Nf6 3. Nf3 d6 4. Ng5 h6 5. Nf3 Be7 6. h4 c6 7. b4 Qb6 8. Na4
Qxb4 9. c3 Qxe4+ 10. Be2 b5 11. d3 Qd5 12. c4 bxc4 13. Nc3 Qa5 14. Bd2 d5 15.
Nxd5 cxd5 16. Bxa5 e4 17. dxe4 dxe4 18. Ne5 Be6 19. f4 Na6 20. Qb1 Rb8 21. Qc2
Rc8 22. Qa4+ Kf8 23. Nc6 Bc5 24. Bxc4 Bxc4 25. Qxc4 Nb4 26. Qxc5+ Ke8 27. Qe7#
1-0

[Event "Ô Coitado..."]
[Site "http://www.queenalice.com/game.php?id=171749"]
[Date "2007.2.21"]
[Round "-"]
[White "vania"]
[Black "zebaixinho"]
[Result "0-1"]
[WhiteElo "1376"]
[BlackElo "1138"]

1. d4 d5 2. Nc3 e6 3. h4 Nf6 4. Bf4 Bb4 5. a3 Ba5 6. b4 Bb6 7. Nb5 c6 8. Nc3
Nbd7 9. Na4 Bc7 10. Bxc7 Qxc7 11. Nf3 Ng4 12. h5 Nb6 13. Nxb6 axb6 14. Rh4 Nf6
15. h6 gxh6 16. Rxh6 Ng4 17. Rh4 Nf6 18. Rh6 Ng8 19. g4 Nxh6 20. g5 Ng4 21. Bh3
e5 22. dxe5 Rg8 23. Kd2 Nxf2 24. Qe1 Nxh3 25. a4 Bg4 26. Qh4 Qd7 27. Qxh7 Kf8
28. g6 Rg7 29. Qh8+ Rg8 30. Qf6 Rxg6 31. Qh4 b5 32. a5 Qf5 33. Rf1 c5 34. Nh2
Bh5 35. Rxf5 Rh6 36. Qxh3 cxb4 37. Ng4 Rh7 38. Rxh5 Rg7 39. Rh8+ Rg8 40. Qh6+
Ke7 41. Qf6+ Kf8 42. Nh6 Rxa5 0-1

[Event "Challenge"]
[Site "http://www.queenalice.com/game.php?id=182656"]
[Date "2007.3.15"]
[Round "-"]
[White "zebaixinho"]
[Black "vania"]
[Result "0-1"]
[WhiteElo "1146"]
[BlackElo "1341"]

1. e4 e5 2. Be2 c5 3. Nf3 Nf6 4. Nxe5 d6 5. Nc4 Nxe4 6. O-O Qg5 7. f4 Qg6 8. f5
Bxf5 9. d3 Nf6 10. Nba3 Bh3 11. Nb5 Na6 12. Bf4 Qxg2# 0-1

[Event "Challenge"]
[Site "http://www.queenalice.com/game.php?id=185089"]
[Date "2007.3.20"]
[Round "-"]
[White "zebaixinho"]
[Black "carlao2005"]
[Result "0-1"]
[WhiteElo "1155"]
[BlackElo "1553"]

1. e3 e5 2. Be2 d5 3. Nf3 e4 4. Nd4 c5 5. Nb5 Nf6 6. O-O Bd7 7. N5c3 d4 8. exd4
cxd4 9. Nxe4 Nxe4 10. d3 Nf6 11. Na3 Bxa3 12. bxa3 O-O 13. Rb1 b6 14. Bf3 Bc6
15. Re1 Bxf3 16. gxf3 Qd5 17. Re4 Nxe4 18. fxe4 Qxa2 19. Rb2 Qxa3 20. Rb3 Qd6
21. Ba3 Qg6+ 22. Kf1 Rc8 23. Rb4 Nc6 24. Rc4 b5 25. Rc5 b4 26. Bb2 Qd6 27. Rg5
Qxh2 28. Rg2 Qf4 29. Rg4 Qf6 30. c4 Ne5 31. Rg1 Qf3 32. Qe1 Qxd3+ 33. Kg2 Rxc4
34. Bc1 Nf3 35. Qf1 Qxf1+ 36. Rxf1 Ne5 37. Bf4 Re8 38. Ra1 b3 39. Rxa7 b2 40.
Rb7 Rc2 41. Rb3 Ng6 42. Rb8 Rxb8 43. Bxb8 b1=Q 44. Bg3 Rc5 45. Bd6 Qxe4+ 46. Kf1
Rc2 0-1

[Event "Challenge"]
[Site "http://www.queenalice.com/game.php?id=193879"]
[Date "2007.4.8"]
[Round "-"]
[White "zebaixinho"]
[Black "vania"]
[Result "0-1"]
[WhiteElo "1164"]
[BlackElo "1336"]

1. e3 e5 2. Bc4 d5 3. Bb5+ c6 4. Bd3 e4 5. Be2 b5 6. Nh3 h5 7. O-O a5 8. Nc3 b4
9. Na4 c5 10. Bb5+ Nd7 11. Nf4 Qb6 12. Nxb6 Rb8 13. Nfxd5 Kd8 14. c4 Ne5 15. b3
f5 16. d4 g5 17. Na4 cxd4 0-1

[Event "Challenge"]
[Site "http://www.queenalice.com/game.php?id=201486"]
[Date "2007.4.24"]
[Round "-"]
[White "zebaixinho"]
[Black "medline"]
[Result "0-1"]
[WhiteElo "1153"]
[BlackElo "1192"]

1. e3 e6 2. Bd3 c6 3. Nf3 a6 4. O-O Nf6 5. Nc3 g6 6. b3 d6 7. Be4 d5 8. Bd3 Bd6
9. Nd4 O-O 10. a4 Nh5 11. b4 Qf6 12. e4 Qxd4 13. Na2 Qxa1 14. c3 Qxa2 15. Qg4
Qxa4 16. Bb2 Qa2 17. Bc1 e5 18. Qf3 b6 19. Be2 Nf4 20. Bd1 Qa1 21. Bc2 a5 22.
bxa5 Rxa5 0-1

[Event "Challenge"]
[Site "http://www.queenalice.com/game.php?id=217547"]
[Date "2007.5.28"]
[Round "-"]
[White "vania"]
[Black "zebaixinho"]
[Result "1-0"]
[WhiteElo "1287"]
[BlackElo "1139"]

1. d4 e6 2. h4 Bd6 3. a4 Nf6 4. c4 Bb4+ 5. Nc3 O-O 6. Qb3 Bd6 7. Nb5 c6 8. Nxd6
b5 9. cxb5 Qa5+ 10. Bd2 Qc7 11. Nxc8 Qxc8 12. bxc6 Qxc6 13. Rc1 Qe4 14. f3 Qxd4
15. Qb7 Nc6 16. g4 Qxa4 17. g5 Nh5 18. Qxd7 Rad8 19. Qb7 Ng3 20. Rh3 Nf5 21. e4
Rb8 22. Qd7 Qxe4+ 23. Be2 Qe5 24. Qxc6 Ng3 25. f4 Qxe2+ 26. Nxe2 Nf5 27. Qa6 Rb6
28. Qxa7 Rxb2 29. Bc3 Rb3 30. h5 Rbb8 31. Nd4 Nd6 32. Nc6 Rbc8 33. Ne7+ Kh8 34.
Nxc8 Nxc8 35. Qb7 Nd6 36. Qb2 Nf5 37. h6 f6 38. hxg7+ Kxg7 39. Bxf6+ Kg8 40. Rc7
Nd6 41. Rg7+ Kh8 42. Rhxh7# 1-0

[Event "Challenge"]
[Site "http://www.queenalice.com/game.php?id=217551"]
[Date "2007.5.28"]
[Round "-"]
[White "zebaixinho"]
[Black "vania"]
[Result "0-1"]
[WhiteElo "1129"]
[BlackElo "1285"]

1. e3 e5 2. Nf3 d5 3. Bb5+ c6 4. Ba4 b5 5. Bb3 a5 6. a4 e4 7. Ne5 f6 8. Nxc6
Nxc6 9. O-O bxa4 10. Bxa4 Ne7 11. Nc3 g5 12. Qh5+ Kd7 13. Qg4+ f5 14. Qxg5 Rg8
15. Qxf5+ Kc7 16. Qxh7 Rg7 17. Qh5 d4 18. Nxe4 dxe3 19. dxe3 Bf5 20. Nf6 Bg6 21.
Qe5+ Nxe5 22. b4 axb4 23. Bd2 Nc4 24. Bxb4 Nb2 25. Nd7 Nxa4 26. Ne5 Bxc2 27.
Rac1 Kb6 28. Rxc2 Rc8 29. Ra2 Qd5 30. Rxa4 Qxe5 31. Ra5 Rc4 32. Ra4 Qb5 33. Ba5+
Ka6 34. Raa1 Ra4 35. Bc3 Rg5 36. Bf6 Rf5 37. Bd4 Nc6 38. Rab1 Qe2 39. Rb6+ Ka5
40. Rxc6 Ra2 41. Rfc1 Qxf2+ 42. Kh1 Qxg2# 0-1

[Event "Challenge"]
[Site "http://www.queenalice.com/game.php?id=234050"]
[Date "2007.7.3"]
[Round "-"]
[White "rafaelbdb"]
[Black "zebaixinho"]
[Result "1-0"]
[WhiteElo "1489"]
[BlackElo "1119"]

1. d4 e6 2. c4 Bb4+ 3. Nc3 Nf6 4. Bd2 O-O 5. Nf3 Nc6 6. e4 Nxe4 7. Nxe4 Be7 8.
Bd3 Nb4 9. Qe2 Nc6 10. O-O d5 11. cxd5 exd5 12. Nc3 Bg4 13. Rfe1 Bd6 14. Nxd5
Be6 15. Nc3 Bg4 16. h3 Be6 17. d5 Nb4 18. dxe6 Be7 19. exf7+ Rxf7 20. Ne5 Rf8
21. a3 Nc6 22. Nxc6 bxc6 23. Qxe7 Qc8 24. Na4 Re8 25. Bc4+ Kh8 26. Qh4 Rb8 27.
Bd3 Rb3 28. Qxh7# 1-0

[Event "Challenge"]
[Site "http://www.queenalice.com/game.php?id=283086"]
[Date "2007.10.8"]
[Round "-"]
[White "vania"]
[Black "zebaixinho"]
[Result "1-0"]
[WhiteElo "1325"]
[BlackElo "1117"]

1. e4 e5 2. Nf3 d6 3. h4 Be7 4. a4 Bg4 5. c4 Nf6 6. b4 Nxe4 7. Qe2 Nf6 8. Qe3
O-O 9. Be2 d5 10. Nxe5 Bd6 11. cxd5 1-0

[Event "Challenge"]
[Site "http://www.queenalice.com/game.php?id=288853"]
[Date "2007.10.18"]
[Round "-"]
[White "zebaixinho"]
[Black "FENIX_RJ"]
[Result "0-1"]
[WhiteElo "1102"]
[BlackElo "1549"]

1. e4 e5 2. Be2 Bc5 3. d3 Qf6 4. Nf3 d5 5. O-O Qg6 6. Nxe5 Qd6 7. Nf3 d4 8. c4
c6 9. a3 Nh6 10. b4 Qf6 11. Nfd2 Qe5 12. bxc5 Bg4 0-1